Mortal Kombat - Statistics

General Stats
  • This quiz has been taken 1,031 times
  • The average score is 38 of 81
Answer Stats
Character % Correct
Sub-Zero
94%
Scorpion
93%
Liu Kang
90%
Raiden
90%
Johnny Cage
89%
Sonya Blade
89%
Goro
86%
Kitana
84%
Reptile
83%
Jax
81%
Kano
80%
Shang Tsung
80%
Human Smoke
77%
Smoke
77%
Kung Lao
76%
Shao Khan
76%
Jade
74%
Mileena
74%
Cyrax
72%
Noob Saibot
72%
Baraka
67%
Rain
67%
Sektor
67%
Ermac
65%
Sheeva
63%
Quan Chi
62%
Kabal
61%
Sindel
61%
Kintaro
60%
Kurtis Stryker
56%
NightWolf
54%
Kenshi
51%
Motaro
51%
Tanya
48%
Bo' Rai Cho
46%
Shinnok
46%
Cyber Sub-Zero
43%
Frost
43%
Blaze
42%
Meat
42%
Fujin
40%
Skarlet
40%
Chameleon
38%
Onaga
37%
Ashrah
35%
Khameleon
34%
Li Mei
34%
Freddy Krueger
33%
Mokap
33%
Taven
33%
Kobra
32%
Nitara
32%
Kai
31%
Kratos
31%
Reiko
31%
Shujinko
31%
Daegon
30%
Darrius
30%
Havik
30%
Jarek
30%
Moloch
30%
Kira
29%
Drahmin
28%
Hsu Hao
28%
Mavado
27%
Sareena
27%
Hotaru
25%
Dairou
22%
Batman
18%
Superman
17%
The Joker
15%
Catwoman
14%
Flash
14%
Wonder Woman
14%
Darkseid
11%
Lex Luthor
11%
Captain Marvel
10%
Deathstroke
10%
Dark Khan
8%
Classic Sub-Zero
7%
Green Lanturn
6%
No matching quizzes found
Score Distribution
Percent of People with Each Score
Percentile by Number Answered
Your Score History
You have not taken this quiz